| 000 | 02890nab a2200313 i 4500 | ||
|---|---|---|---|
| 003 | BR-BrBNA | ||
| 005 | 20250117105257.0 | ||
| 008 | 250117b2016 bl.|r|pooa||| 00| 0 eng | | ||
| 040 |
_aBR-BrBNA _beng |
||
| 072 |
_aL20 _b8890 |
||
| 100 | _aAssis, V.D.L. | ||
| 100 | _aCarvalho, T.S.G. | ||
| 100 | _aPereira, V.M. | ||
| 100 | _aFreitas, R.T.F. | ||
| 100 | _aSaad, C.E.P. | ||
| 100 | _aCosta, A.C. | ||
| 100 | _aSilva, A.A.A. | ||
| 245 | _aEnvironmental enrichment on the behavior and welfare of cockatiels (Nymphicus hollandicus) | ||
| 500 | _a Publicação online; 19 ref.; 7 illus.; Summaries (En, Pt) | ||
| 520 | _a ABSTRACT - This study evaluated the influence of physical environmental enrichment on the behavior of cockatiels (Nymphicus hollandicus). Eighteen birds, nine males and nine females, were monitored in environments enriched with wooden sticks and bead rings and in non-enriched environments, in a completely randomized design. Behavioral categories were grouped into locomotion, maintenance, rest, feed, undesirable activities, and interaction with environmental enrichment. Data were analyzed using descriptive analysis of behaviors to produce the ethogram and percentage comparison of frequency values for behavior analysis. Environmental enrichment positively influenced behavioral categories and some ehavioral activities of birds. Keywords: ethogram, parrot, stress, wild animal | ||
| 520 | _a RESUMO - Objetivou-se, com o presente trabalho, avaliar a influência do enriquecimento ambiental físico sobre o comportamento de calopsitas (Nymphicus hollandicus). Foram monitoradas 18 aves, sendo nove machos e nove fêmeas, em ambientes enriquecidos com tocos de madeira e argola de miçangas e sem enriquecimento ambiental. O delineamento foi inteiramente ao acaso. As categorias comportamentais foram agrupadas em locomoção, manutenção, repouso, alimentação, atividades indesejáveis e interação com o enriquecimento ambiental. Os dados foram examinados por meio da análise descritiva dos comportamentos para elaboração do etograma e comparação percentual das frequências observadas para análise dos comportamentos. Foi observada influência positiva do enriquecimento ambiental sobre as categorias comportamentais e algumas atividades comportamentais das aves. Palavras-chave: animal selvagem, etograma, estresse, psitacídeos | ||
| 650 | _aAVE SELVAGEM | ||
| 650 | _aCOMPORTAMENTO ANIMAL | ||
| 650 | _aSTRESS | ||
| 773 | 0 |
_01643 _9347391 _dBelo Horizonte-MG Universidade Federal de Minas Gerais - Escola de Veterinaria 1983 _o2024-8404 _tArquivo Brasileiro de Medicina Veterinária e Zootecnia (Brazil) _x0102-0935 _gv. 68(3) p. 562-570; (2016) _wBR2024004450 |
|
| 856 | _uhttps://www.scielo.br/j/abmvz/a/ZNtbmZkqjWRd5mW3QVmmfqS/?format=pdf&lang=en | ||
| 942 | _cANA | ||
| 999 |
_c329605 _d329605 |
||